000 04648nam a22004697a 4500
005 20120117145433.0
010 _aB-468879-898
020 _a9788179933398
_c155.00
020 _a9788179933398
_c155.00
035 _aB-468879-898
037 _aDPL
_bBlue Berry/Ven
082 _a551.432
100 _aIyer, Rani
_950413
245 _aMountains /
_cRani Iyer
246 _aMountains /
260 _aNew Delhi
_bTeri Press
_c2011
270 _aDarbari Seth Block, IHC Complex, Lodhi Road,
_bNew Delhi
_e110003
_k24682100, 41504900
_l24682144/24682145
_mTeripress@teri.res.in
300 _a30p.
_bCol.ill
_c29 cm (Hb)
490 _aPlanet Earth
_950414
942 _2ddc
_cCH
_mIYE
_h551.432
999 _c61057
_d61057